Bedtime favourite tales / (Record no. 33008)

MARC details
000 -LEADER
fixed length control field 00756nam a22002057a 4500
005 - DATE AND TIME OF LATEST TRANSACTION
control field 20091216140858.0
008 - FIXED-LENGTH DATA ELEMENTS--GENERAL INFORMATION
fixed length control field 091215t xxu||||| |||| 00| 0 eng d
020 ## - INTERNATIONAL STANDARD BOOK NUMBER
International Standard Book Number 9789832584971
Terms of availability 185.00
037 ## - SOURCE OF ACQUISITION
Source of stock number/acquisition Blueberry Books
040 ## - CATALOGING SOURCE
Original cataloging agency dpl
Language of cataloging English
082 ## - DEWEY DECIMAL CLASSIFICATION NUMBER
Classification number S
245 ## - TITLE STATEMENT
Title Bedtime favourite tales /
Statement of responsibility, etc edited by Bob Williams
260 ## - PUBLICATION, DISTRIBUTION, ETC. (IMPRINT)
Place of publication, distribution, etc Malaysia
Name of publisher, distributor, etc Kohwai & Young
Date of publication, distribution, etc 2002
270 ## - ADDRESS
Address No. 12, Jalan Seri Sentosa 3, Taman Seri Sentosa, 6,5 Mile Jalan Klang Lama,
City Malaysia
Postal code 58000
300 ## - PHYSICAL DESCRIPTION
Extent 73p.:
Other physical details col. ill.
Dimensions 24cm(Hb)
700 ## - ADDED ENTRY--PERSONAL NAME
Personal name Williams, Bob
942 ## - ADDED ENTRY ELEMENTS (KOHA)
Source of classification or shelving scheme Dewey Decimal Classification
Item type Children Books
Classification part S
Call number suffix BED
Holdings
Withdrawn status Lost status Source of classification or shelving scheme Damaged status Not for loan Collection code Home library Current library Date acquired Cost, normal purchase price Total Checkouts Full call number Date last seen Cost, replacement price Koha item type
    Dewey Decimal Classification     Fiction Andrews Gunj Andrews Gunj 16/12/2009 185.00   S BED 16/12/2009 185.00 Children Books

© Delhi Public Library
Hit Counter
free hit counter